| 000 | 00816nam a2200277 a 4500 | ||
|---|---|---|---|
| 001 | 000110679 | ||
| 003 | CHAP | ||
| 005 | 20220329144143.0 | ||
| 008 | 140925s1965 es a |r| ||||||spa d | ||
| 010 | _a107141 | ||
| 011 | _a108113 | ||
| 020 | _a8429114408 | ||
| 040 | _cCHAP | ||
| 082 | 0 | 4 |
_a674.2028 _bH77 |
| 100 | 1 |
_aHoner, Heinrich _9128504 |
|
| 245 | 1 | 0 |
_aAlrededor del trabajo de la madera : _bun estudio completo del trabajo de la madera mediante máquinas / _cpor Heinrich Honer. |
| 260 |
_aBarcelona : _bEditorial Reverté, _c1965. |
||
| 300 |
_a238 p. : _bil. |
||
| 534 | _pHolzbearbeiten an Maschinen | ||
| 590 |
_aE5765TAJ _b05 _c20140925 _lUCH01 _h0846 |
||
| 650 | 1 | 4 |
_aAserraderos _xMaquinaria. _9128505 |
| 650 | 1 | 4 |
_aIndustria maderera. _957872 |
| 901 | _aBK | ||
| 942 | _cLIBRO | ||
| 942 | _n0 | ||
| 999 |
_c107141 _d107141 |
||